Das Ampelspiel - Statistiken

Allgemein
  • Dieses Quiz wurde 271 mal gespielt
  • Das Durchschnittsergebnis liegt bei 11 aus 12
Antworten auf der Karte
Die Antworten werden auf der Karte rot bzw. grün angezeigt, abhängig davon wie oft sie richtig erraten wurden.
 
Antwortstatistiken
Kategorie Land % Korrekt
#1 Keinste Vatikan
97%
#1 Bevölkerungsreichste Deutschland
95%
#1 Größte Frankreich
95%
#2 Frankreich
95%
#3 San Marino
93%
#3 Spanien
92%
#2 Monaco
91%
#2 Ukraine
87%
#3 Vereinigtes Königreich
87%
#3 Portugal
85%
#1 Wärmste Malta
83%
#2 Zypern
72%
Keine übereinstimmenden Quizze gefunden
Verteilung der Resultate
Anzahl Personen mit jedem Resultat
Perzentil nach korrekt beantworteten Fragen
Ihre Resultats-Entwicklung
Sie haben dieses Quiz noch nicht gespielt